000 00889cam a2200241 a 4500
003 OSt
005 20260206110723.0
008 910423s1991 nyu b 001 0 eng
020 _a0718513339
020 _a9780718513337
040 _aKABLIB
_cKABLIB
_beng
_erda
082 0 0 _a320.94
_223
_bENC
245 0 0 _aEncouraging democracy :
_bthe international context of regime transition in southern Europe /
_cedited by Geoffrey Pridham.
260 _aLondon :
_bLeicester University Press,
_c1991.
300 _ax, 249 p. ;
_c24 cm.
504 _aIncludes bibliographical references and index.
650 0 _aPolitical participation
_zEurope, Southern.
_915511
650 0 _aDemocracy
_zEurope, Southern.
_915140
650 0 _aDemocratization
_zEurope, Southern.
_915512
651 0 _aEurope, Southern
_xPolitics and government.
_915513
700 1 _aPridham, Geoffrey,
_915514
942 _2ddc
_cBOOK
999 _c6104
_d6104